000 00560nam a22001937a 4500
003 OSt
008 240124b20172017|||||||| |||| 00| 0 eng d
020 _a9789386446732
082 _a658.4032
_bDUT-S
100 _aDutta, Prashun
245 _aSystems thinking for effective managers :
_bthe road less travelled /
_cPrashun Dutta.
260 _aNew Delhi :
_bSage Publication ,
_c2017.
300 _axx, 193 p. ;
650 _aManagement
650 _aOrganizational effectiveness
650 _aSystem analysis
650 _aSystem theory
942 _2ddc
_cBK
999 _c20187
_d20187